000 02275nam a2200313 i 4500
001 000048892
003 DO-SdBNP
005 20250204134906.0
007 ta
008 190425s2016 dr ac 000 0 spa d
020 _a9789945586893
040 _aDO-SdBNP
_bspa
_cBNPHU
_erda
082 1 _222
_axxx
_bP349d
100 1 _aPeña, Ángela,
_eautor
_4aut.
_937722
245 1 4 _aLos dominicanos /
_cÁngela Peña ; prólogo, Nelson Marrero.
264 1 _aSanto Domingo :
_bArchivo General de la Nación,
_c2016.
300 _a296 páginas :
_bilustraciones, retratos ;
_c23 cm.
336 _atexto
_btxt
_2rdacontent
337 _asin mediación
_bn
_2rdamedia
338 _avolumen
_bnc
_2rdacarrier
490 _aColección Archivo General de la Nación
_v292
500 _aIncluye datos biográficos de la autor en la solapa de la cubierta
500 _aIncluye índice onomástico
504 _aBibliografía : páginas 271-273
505 0 _aVisiones --¿Pesimista? --Diligente --Bajitos --Alimentos --El Arroz --La dieta --Arco iris de colores y rasgos físicos --Discriminación social o racismo? --Un lenguaje de muchas lenguas --Trujillo y la unidad del lenguaje --Triste o alegre? --Reírse de sí mismo --El recurso del chiste --Fiebruses del sexo --Ardiente amor de las dominicanas --Prevalece la cruz de los descubridores --Los protestantes ganan su espacio --Creencias populares y vínculos con Africa --Hay ritmos para bailar y otros para enamorarse --La política aviva métodos violentos --Políticos resuelven problemas que crean --Definición de identidad --Identidad: una búsqueda incesante --La identidad construida por intelectuales --Por qué ha luchado el dominicano? --La identidad en los versos de los grandes poetas --La dominicanidad en la poesía posterior a Trujillo --Identidad literaria dominicana --La novela describe la identidad del dominicano --Lo antidominicano en la novelística --La política en la novela --Lo dominicano y la pintura --Negros y mulatos en la pintura dominicana --El tiguere: un personaje dominicano --El dominicano expresa las culturas que lo formaron --La identidad dominicana o el eterno laberinto
590 _aInventariado, 2019/LP
700 1 _aMarrero, Nelson,
_eprologuista
_976328
_4pr.
942 _2ddc
_cLBS1
999 _c48380
_d48380